Normal view
MARC view
Entry Personal Name
001 - CONTROL NUMBER
- control field: 9691
003 - CONTROL NUMBER IDENTIFIER
- control field: BD-RjUL
005 - DATE AND TIME OF LATEST TRANSACTION
- control field: 20231018171915.0
008 - FIXED-LENGTH DATA ELEMENTS
- fixed length control field: 231018|| aca||aabn | a|a d
040 ## - CATALOGING SOURCE
- Original cataloging agency: BD-RjUL
- Transcribing agency: BD-RjUL
100 ## - HEADING--PERSONAL NAME
- Personal name: Hossain, Md. Mokter
670 ## - SOURCE DATA FOUND
- Source citation: Work cat.: (BD-RjUL)82163: Hossain, Md. Mokter, Detection of gastric carcinoma by endoscopic imprint cytology /, 2013